Jogadores pelos clubes que jogaram 2 - Statistics

Estatísticas Gerais
  • Esse quiz foi jogado 86 vezes
  • A pontuação média é 9 de 19
Estatísticas das Respostas
Questão Resposta % Correto
𝙑𝙞𝙩𝙤́𝙧𝙞𝙖 - 𝘽𝙚𝙣𝙛𝙞𝙘𝙖 - 𝘾𝙝𝙚𝙡𝙨𝙚𝙖 - 𝙋𝙖𝙧𝙞𝙨 𝙎𝙖𝙞𝙣𝙩-𝙂𝙚𝙧𝙢𝙖𝙞𝙣 - 𝘾𝙝𝙚𝙡𝙨𝙚𝙖 - 𝘼𝙧𝙨𝙚𝙣𝙖𝙡 - 𝙁𝙡𝙖𝙢𝙚𝙣𝙜𝙤 David Luiz
74%
𝘾𝙤𝙧𝙞𝙩𝙞𝙗𝙖 - 𝙎𝙘𝙝𝙖𝙡𝙠𝙚 𝟬𝟰 - 𝙂𝙚𝙣𝙤𝙖 - 𝘽𝙖𝙮𝙚𝙧𝙣 𝙙𝙚 𝙈𝙪𝙣𝙞𝙦𝙪𝙚 - 𝙁𝙡𝙖𝙢𝙚𝙣𝙜𝙤 - 𝙊𝙡𝙮𝙢𝙥𝙞𝙖𝙘𝙤𝙨 - 𝙂𝙧𝙚̂𝙢𝙞𝙤 - 𝙎𝙖̃𝙤 𝙋𝙖𝙪𝙡𝙤 Rafinha
69%
Argentino Juniors - Boca Juniors - Barcelona - Napoli - Sevilla - Newell' Old Boys - Boca Juniors Diego Maradona
68%
𝙂𝙧𝙚̂𝙢𝙞𝙤 - 𝙎𝙝𝙖𝙠𝙝𝙩𝙖𝙧 𝘿𝙤𝙣𝙚𝙩𝙨𝙠 - 𝘽𝙖𝙮𝙚𝙧𝙣 𝙙𝙚 𝙈𝙪𝙣𝙞𝙦𝙪𝙚 - 𝙅𝙪𝙫𝙚𝙣𝙩𝙪𝙨 - 𝘽𝙖𝙮𝙚𝙧𝙣 𝙙𝙚 𝙈𝙪𝙣𝙞𝙦𝙪𝙚 - 𝙂𝙧𝙚̂𝙢𝙞𝙤 - 𝙇𝙤𝙨 𝘼𝙣𝙜𝙚𝙡𝙚𝙨 𝙂𝙖𝙡𝙖𝙭𝙮 Douglas Costa
68%
Independiente - Atlético de Madrid - Manchester City - Barcelona Agüero
66%
𝙇𝙞𝙫𝙚𝙧𝙥𝙤𝙤𝙡 - 𝙈𝙖𝙣𝙘𝙝𝙚𝙨𝙩𝙚𝙧 𝘾𝙞𝙩𝙮 - 𝘾𝙝𝙚𝙡𝙨𝙚𝙖 Raheem Sterling
62%
São Paulo - Zaragoza - Juventude - Palmeiras - Roma - Milan Cafu
57%
𝘽𝙖𝙮𝙚𝙧𝙣 𝙙𝙚 𝙈𝙪𝙣𝙞𝙦𝙪𝙚 𝙄𝙄 - 𝘽𝙖𝙮𝙚𝙧𝙣 𝙙𝙚 𝙈𝙪𝙣𝙞𝙦𝙪𝙚 - 𝙃𝙖𝙢𝙗𝙪𝙧𝙜𝙤 - 𝘾𝙤𝙧𝙞𝙣𝙩𝙝𝙞𝙖𝙣𝙨 - 𝙁𝙡𝙖𝙢𝙚𝙣𝙜𝙤 - 𝙄𝙣𝙩𝙚𝙧𝙣𝙖𝙘𝙞𝙤𝙣𝙖𝙡 - 𝘼𝙫𝙖𝙞́ Paolo Guerrero
55%
𝙈𝙖𝙣𝙘𝙝𝙚𝙨𝙩𝙚𝙧 𝙐𝙣𝙞𝙩𝙚𝙙 - 𝙕𝙖𝙧𝙖𝙜𝙤𝙯𝙖 - 𝘽𝙖𝙧𝙘𝙚𝙡𝙤𝙣𝙖 Gerard Piqué
54%
Real Madrid - Schalke 04 - Al-Sadd - New York Cosmos Raúl González
45%
𝘾𝙤𝙗𝙧𝙚𝙡𝙤𝙖 - 𝙐𝙙𝙞𝙣𝙚𝙨𝙚 - 𝘾𝙤𝙡𝙤-𝘾𝙤𝙡𝙤 - 𝙍𝙞𝙫𝙚𝙧 𝙋𝙡𝙖𝙩𝙚 - 𝘽𝙖𝙧𝙘𝙚𝙡𝙤𝙣𝙖 - 𝘼𝙧𝙨𝙚𝙣𝙖𝙡 - 𝙈𝙖𝙣𝙘𝙝𝙚𝙨𝙩𝙚𝙧 𝙐𝙣𝙞𝙩𝙚𝙙 - 𝙄𝙣𝙩𝙚𝙧𝙣𝙖𝙯𝙞𝙤𝙣𝙖𝙡𝙚 Alexis Sánchez
43%
𝙎𝙘𝙝𝙖𝙡𝙠𝙚 𝟬𝟰 - 𝙒𝙚𝙧𝙙𝙚𝙣 𝘽𝙧𝙚𝙢𝙚𝙣 - 𝙍𝙚𝙖𝙡 𝙈𝙖𝙙𝙧𝙞𝙙 - 𝘼𝙧𝙨𝙚𝙣𝙖𝙡 - 𝙁𝙚𝙣𝙚𝙧𝙗𝙖𝙝𝙘̧𝙚 - 𝙄̇𝙨𝙩𝙖𝙣𝙗𝙪𝙡 𝘽𝙖𝙨̧𝙖𝙠𝙨̧𝙚𝙝𝙞𝙧 Mesut Özil
39%
Le Mans - Guingamp - Olympique de Marselha - Chelsea - Shanghaï Shenhua - Galatasaray - Chelsea - Montreal Impact - Phoenix Rising Didier Drogba
36%
River Plate - Parma - Lazio - Internazionale - Chelsea - Milan - Internazionale - Genoa - Parma Hernán Crespo
36%
Vitória - PSV Eindhoven - VVV-Venlo - Fluminense - Corinthians - Internazionale - Paris Saint-Germain - Flamengo - Corinthians - Vitória - Al Salmiya Club - Brasiliense - Goiás - Corinthians - Juventus-SP - Grêmio Osasco Vampeta
36%
West Ham - Swansea City - Chelsea - Manchester City - New York City Frank Lampard
35%
Bayern de Munique - New York Cosmos - Hamburgo - New York Cosmos Beckenbauer
28%
𝘼𝙧𝙨𝙚𝙣𝙖𝙡 - 𝙎𝙖𝙡𝙖𝙢𝙖𝙣𝙘𝙖 - 𝙊𝙨𝙖𝙨𝙪𝙣𝙖 - 𝙒𝙚𝙨𝙩 𝘽𝙧𝙤𝙢𝙬𝙞𝙘𝙝 - 𝙍𝙚𝙖𝙡 𝙎𝙤𝙘𝙞𝙚𝙙𝙖𝙙 - 𝙇𝙤𝙨 𝘼𝙣𝙜𝙚𝙡𝙚𝙨 𝙁𝘾 Carlos Vela
19%
𝘼𝙢𝙚́𝙧𝙞𝙘𝙖 - 𝘼𝘾 𝘼𝙟𝙖𝙘𝙘𝙞𝙤 - 𝙈𝙖́𝙡𝙖𝙜𝙖 - 𝙂𝙧𝙖𝙣𝙖𝙙𝙖 - 𝙎𝙩𝙖𝙣𝙙𝙖𝙧𝙙 𝙙𝙚 𝙇𝙞𝙚̀𝙜𝙚 - 𝘼𝙢𝙚́𝙧𝙞𝙘𝙖 Ochoa
18%
Nenhum quiz correspondente encontrado
Distribuição das Pontuações
Porcentagem de Pessoas com Cada Pontuação
Percentil de Números Respondidos
Sua Pontuação Histórica
Você não jogou esse quiz